00797nam a22001697a 4500008004100000020001800041050001300059245011000072260004800182300002500230505015300255650007400408650006000482650004800542700002000590700001700610120126t xxu||||| |||| 00| 0 eng d a9780821372777 aHC800.A8 aAfrica at a turning point? : growth, aid, and and external shocks /cedited by Delfin S. Go and John Page aWashington, D.C. : bWorld Bank, c ©2008. axxiv, 573 p. :c23cm aContents: Patterns of long - term growth in sub- saharan Africa -- Aid- Volume, volatility, and macroeconomic management --Managing external shocks. aAfrica, Sub-SaharanxEconomic conditionsx21st century xStatistics.  aEconomic developmentxAfrica, Sub-SaharanxStatistics.  aEconomic forecastingxAfrica, Sub-Saharan.  aGo, Delfin S.,  aPage, John,